| 000 | 00902nam0a2200265 4500 | ||
|---|---|---|---|
| 001 | RU\NLR\bibl\2022723 | ||
| 005 | 20260406141521.0 | ||
| 010 |
_a978-5-389-04483-8 _94000 |
||
| 021 |
_aRU _b2013-22255 _91559 |
||
| 035 | _a(NLR Aleph) 002010896 | ||
| 090 |
_a4456935 _c4456935 |
||
| 100 | _a20130411d2013 |||y0rusy50 ca | ||
| 101 | 1 |
_arus _cfre |
|
| 102 | _aRU | ||
| 105 | _ay ||||||||| | ||
| 200 | 1 |
_aДети капитана Гранта _eроман _fЖюль Верн _g[пер. с фр. А. Бекетовой] |
|
| 210 |
_aСанкт-Петербург _cАзбука _cАзбука-Аттикус _d2013 |
||
| 215 |
_a638, [1] с. _d18 |
||
| 225 | 1 | _aАзбука-классика | |
| 700 | 1 |
_4070 _7ca _8rus _aВерн _bЖ. _f1828-1905 _gЖюль _9113449 _3RU\NLR\auth\773453 |
|
| 801 | 0 |
_aRU _bNLR _c20130411 _gRCR |
|
| 801 | 1 |
_aRU _bNLR _c20130411 |
|
| 942 | _cBOOK | ||
| 980 | _aNB | ||